[Event "8th ch-Euro"]
[Site "Dresden GER"]
[Date "2007.04.04"]
[Round "2"]
[White "Erturan,Y"]
[Black "Stips,F"]
[Result "1-0"]
[WhiteElo "2360"]
[BlackElo "1964"]
[EventDate "2007.04.03"]

1. e4 c5 2. Nf3 Nf6 3. Nc3 d6 4. d4 cxd4 5. Nxd4 a6 6. Bc4 e6 7. Bb3 Nbd7
8. O-O Nc5 9. f3 Be7 10. Be3 O-O 11. Qd2 Qc7 12. a4 Nxb3 13. Nxb3 b6 14.
Rfd1 Rb8 15. Qf2 Bd7 16. Rd2 Bc6 17. Qg3 Rfd8 18. Rad1 Rd7 19. Bd4 e5 20.
Be3 b5 21. a5 b4 22. Ne2 d5 23. exd5 Nxd5 24. Bf2 Rb5 25. Kh1 Nf6 26. Bb6
Qb7 27. Rxd7 Nxd7 28. Be3 Rd5 29. Re1 Nc5 30. Nxc5 Bxc5 31. c4 bxc3 32.
Nxc3 Bxe3 33. Nxd5 Bd4 34. Qg5 h6 35. Qd8+ Kh7 36. Ne7 1-0

[Event "8th ch-Euro"]
[Site "Dresden GER"]
[Date "2007.04.04"]
[Round "2"]
[White "Mayer,Frank2"]
[Black "Grooten,H"]
[Result "0-1"]
[WhiteElo "2083"]
[BlackElo "2387"]
[EventDate "2007.04.03"]

1. e4 c6 2. d4 d5 3. exd5 cxd5 4. Bd3 Nc6 5. c3 Qc7 6. Nf3 Bg4 7. Nbd2 e6
8. h3 Bh5 9. O-O Bd6 10. b3 Nge7 11. Bb2 Bh2+ 12. Kh1 Bf4 13. Be2 O-O 14.
Re1 Rad8 15. Ne5 Bxe2 16. Qxe2 Bxe5 17. dxe5 Ng6 18. Nf3 f6 19. exf6 Rxf6
20. c4 d4 21. Ng5 Qa5 22. c5 Rd5 23. Ne4 Rff5 24. a3 Nf4 25. Qf3 Ne5 26. b4
Qd8 27. Rad1 a6 28. Ng3 Rf7 29. Re4 Nc6 30. Ne2 Nh5 31. Rg4 e5 32. Ng3 Nf6
33. Rh4 g5 34. Rh6 Qf8 35. Rxf6 Rxf6 36. Ne4 Rg6 37. Qe2 Qf7 38. f3 Rd7 39.
Qd3 Nd8 40. Bc1 Ne6 41. a4 Nf4 42. Bxf4 gxf4 43. Rd2 Kh8 44. Rc2 Qg8 45.
Nd6 Rdg7 46. Qe4 Qe6 47. Kh2 Rg5 48. Nxb7 Qg8 49. Kh1 Rh5 50. Kh2 Rg3 51.
Qe1 Qc8 52. Nd6 Qxh3+ 0-1

[Event "8th ch-Euro"]
[Site "Dresden GER"]
[Date "2007.04.04"]
[Round "2"]
[White "Kleinert,J"]
[Black "Sievers,S"]
[Result "0-1"]
[WhiteElo "2060"]
[BlackElo "2376"]
[EventDate "2007.04.03"]

1. e4 e6 2. d4 d5 3. Nc3 Bb4 4. exd5 exd5 5. Nf3 Bg4 6. h3 Bh5 7. Bd3 c6 8.
O-O Bd6 9. Re1+ Ne7 10. Bg5 O-O 11. Bh4 Qc7 12. Bxh7+ Kxh7 13. Ng5+ Kh6 14.
Qd2 Bh2+ 15. Kh1 Qf4 16. Nf3 Qxd2 17. Nxd2 Nf5 18. Kxh2 Nxd4 19. Rac1 Bg6
20. Nf3 Nxf3+ 21. gxf3 Na6 22. a3 Rfe8 23. Be7 Nc7 24. Na4 Ne6 25. Bc5 b5
26. Be3+ Kh7 27. Nc5 Nxc5 28. Bxc5 Rxe1 29. Rxe1 Bxc2 30. Re7 Rd8 31. Bd4
c5 32. Rc7 cxd4 33. Rxc2 Kg6 34. Rd2 d3 35. Rxd3 d4 36. Kg2 Kf5 37. Kf1 Ke5
38. Rb3 a6 39. Ke2 Kd5 40. a4 Kc4 41. Ra3 d3+ 42. Kd2 b4 43. b3+ Kd4 44.
Ra1 Rc8 45. Rb1 Re8 46. Rb2 Re2+ 47. Kc1 Kc3 0-1

[Event "8th ch-Euro"]
[Site "Dresden GER"]
[Date "2007.04.04"]
[Round "2"]
[White "Meinhardt,Ma"]
[Black "Calder,D"]
[Result "1-0"]
[WhiteElo "2369"]
[BlackElo "2009"]
[EventDate "2007.04.03"]

1. e4 Nf6 2. e5 Nd5 3. d4 d6 4. c4 Nb6 5. exd6 cxd6 6. Nc3 g6 7. Be3 Bg7 8.
Rc1 O-O 9. b3 Nc6 10. d5 Ne5 11. Be2 Re8 12. f4 Ned7 13. Nf3 Nf8 14. O-O e6
15. dxe6 Bxe6 16. Bd4 Bxd4+ 17. Nxd4 Qd7 18. Bf3 Rad8 19. Qd2 a6 20. Ne4
Qe7 21. Qb2 Nbd7 22. Rce1 f5 23. Nxe6 Qxe6 24. Ng5 Qf6 25. Qxf6 Nxf6 26.
Bxb7 h6 27. Nf3 a5 28. Nd4 Ne4 29. Nc6 Rd7 30. Nxa5 Ree7 31. Bd5+ Kg7 32.
Nc6 Re8 33. a4 Nh7 34. Nd4 Rb8 35. Bxe4 fxe4 36. Rxe4 Nf6 37. Re3 d5 38. c5
Ne4 39. c6 Rd6 40. Rc1 1-0

[Event "8th ch-Euro"]
[Site "Dresden GER"]
[Date "2007.04.04"]
[Round "2"]
[White "Chapman,Al"]
[Black "Savickas,A"]
[Result "0-1"]
[WhiteElo "2069"]
[BlackElo "2360"]
[EventDate "2007.04.03"]

1. e4 c5 2. Nf3 d6 3. d4 cxd4 4. Nxd4 Nf6 5. Nc3 g6 6. f4 Nc6 7. Nb3 Bg7 8.
Be2 a6 9. Bf3 O-O 10. Be3 Bd7 11. O-O Rb8 12. g4 b5 13. g5 Ne8 14. Rb1 b4
15. Ne2 Nc7 16. Qd3 Nb5 17. Rfd1 Qc8 18. c4 bxc3 19. bxc3 Bg4 20. Nd2 Bxf3
21. Nxf3 Nc7 22. Rxb8 Nxb8 23. Ned4 Nd7 24. Nc6 Re8 25. Qc4 Nc5 26. Bxc5
dxc5 27. f5 gxf5 28. Rd8 Qb7 29. Nxe7+ Kf8 30. Rxe8+ Nxe8 31. Nxf5 Qb1+ 32.
Kg2 Qc2+ 33. Kg3 Qxc3 34. Qxa6 Be5+ 35. Kg4 h5+ 36. gxh6 Nf6+ 37. Kh4 Qxf3
38. Qc8+ Ne8 39. Qxc5+ Bd6 40. Nxd6 Qf4+ 41. Kh3 Qxh6+ 42. Kg3 Nxd6 43. e5
Qg5+ 44. Kf3 Qf5+ 45. Ke2 Qg4+ 46. Kd2 Qf4+ 47. Kd3 Qf3+ 48. Kc2 Qe2+ 49.
Kc3 Qe1+ 50. Kc2 Qe4+ 51. Kb3 Qb1+ 52. Ka3 Qd3+ 53. Kb2 Qd2+ 54. Ka3 Qd3+
55. Ka4 Qc4+ 56. Qxc4 Nxc4 57. Kb5 Nxe5 58. a4 Ke7 59. a5 Kd6 60. a6 Kc7
61. h4 f5 62. Kc5 Ng4 63. Kd5 Kb6 64. a7 Kxa7 65. Kd4 Kb6 66. Kd5 Kb5 67.
h5 Kb4 68. Ke6 f4 69. Kf5 f3 70. Kxg4 f2 71. h6 f1=Q 0-1

[Event "8th ch-Euro"]
[Site "Dresden GER"]
[Date "2007.04.04"]
[Round "2"]
[White "Schiefner,R"]
[Black "Pitl,G"]
[Result "0-1"]
[WhiteElo "2047"]
[BlackElo "2357"]
[EventDate "2007.04.03"]

1. e4 g6 2. d4 Bg7 3. Bc4 d6 4. Qf3 e6 5. Ne2 a6 6. c3 b5 7. Bd3 Bb7 8. a4
b4 9. cxb4 Nc6 10. b5 Nb4 11. Bd2 Nxd3+ 12. Qxd3 Qh4 13. Nbc3 Nf6 14. Qg3
Qxg3 15. Nxg3 h5 16. f3 Ke7 17. bxa6 Bxa6 18. e5 Nd5 19. Nxd5+ exd5 20. f4
f6 21. exd6+ Kxd6 22. Kf2 h4 23. Ne2 Rhe8 24. Rhe1 f5 25. Bb4+ Kd7 26. Bc5
Re4 27. g3 c6 28. Ng1 Bxd4+ 29. Bxd4 Rxd4 30. Nf3 hxg3+ 31. hxg3 Rb4 32.
Ne5+ Kd6 33. Ra2 d4 34. Rh1 Kd5 35. Rh6 c5 36. Rxg6 d3 37. Rg7 Rd8 38. b3
Rxb3 39. g4 Ke4 40. Nf3 Kxf4 41. gxf5 c4 42. Rh7 c3 43. Rh4+ Kxf5 44. Nd4+
Rxd4 45. Rxd4 c2 46. Rxc2 dxc2 47. Rd5+ Ke4 48. Rc5 Kd3 49. Rc6 Bc4 0-1

[Event "8th ch-Euro"]
[Site "Dresden GER"]
[Date "2007.04.04"]
[Round "2"]
[White "Marville,G"]
[Black "Bach,Mat"]
[Result "0-1"]
[WhiteElo "2020"]
[BlackElo "2364"]
[EventDate "2007.04.03"]

1. d4 Nf6 2. Bg5 h6 3. Bxf6 gxf6 4. e4 c5 5. d5 d6 6. Bd3 Rg8 7. g3 f5 8.
exf5 Bg7 9. c3 c4 10. Qa4+ b5 11. Qxb5+ Nd7 12. Qxc4 Ne5 13. Qa4+ Kf8 14.
Be4 Qb6 15. Qc2 Ba6 16. Nd2 Rb8 17. Nb3 Bc4 18. Nh3 Qa6 19. Nc1 Qb5 20. Nf4
Qxb2 21. Qxb2 Rxb2 22. Nfe2 Nd7 23. Rb1 Rxb1 24. Bxb1 Nb6 25. Kd2 Bf6 26.
Bc2 Bxd5 27. Rd1 Kg7 28. Ke1 Rc8 29. Rd3 Be4 30. Rd2 Bb7 31. Rd3 Nc4 32.
Nf4 Bg5 33. Nh5+ Kg8 34. f4 Be4 35. fxg5 Bxd3 36. Bxd3 hxg5 37. f6 e6 38.
g4 Ne5 39. Kd2 Nxg4 40. h3 Nf2 41. Bf1 Ne4+ 42. Kd3 Rxc3+ 0-1

[Event "8th ch-Euro"]
[Site "Dresden GER"]
[Date "2007.04.04"]
[Round "2"]
[White "Philippe,C"]
[Black "Schnoor,E"]
[Result "1-0"]
[WhiteElo "2364"]
[BlackElo "1905"]
[EventDate "2007.04.03"]

1. e4 c5 2. Nf3 d6 3. d4 cxd4 4. Nxd4 Nf6 5. Nc3 a6 6. Bc4 e6 7. Bb3 Nbd7
8. Bg5 Qa5 9. Bxf6 Nxf6 10. O-O Be7 11. f4 O-O 12. f5 exf5 13. Nxf5 Qe5 14.
Qd3 Qc5+ 15. Kh1 Qc7 16. Rad1 Rd8 17. Qg3 Bxf5 18. Rxf5 Rf8 19. Rdf1 Kh8
20. h3 Rac8 21. Qf3 Qd7 22. Rf2 b5 23. g4 Rc5 24. g5 Rxf5 25. exf5 Ng8 26.
h4 Bd8 27. Re2 Re8 28. Rxe8 Qxe8 29. Qe4 Qf8 30. Qd5 h6 31. Ne4 f6 32. Nxd6
fxg5 33. Nf7+ Kh7 34. Qxd8 Qxd8 35. Nxd8 gxh4 36. Bxg8+ Kxg8 37. Kh2 1-0

[Event "8th ch-Euro"]
[Site "Dresden GER"]
[Date "2007.04.04"]
[Round "2"]
[White "Kaphle,Se"]
[Black "Espig,L"]
[Result "1-0"]
[WhiteElo "2010"]
[BlackElo "2351"]
[EventDate "2007.04.03"]

1. e4 c5 2. Nf3 e6 3. d4 cxd4 4. Nxd4 Nf6 5. Nc3 d6 6. Bd3 a6 7. O-O b5 8.
Qe2 Bb7 9. Kh1 Nbd7 10. f4 Qc7 11. Bd2 b4 12. Nd1 d5 13. e5 Ne4 14. Be3 Be7
15. Nf2 h5 16. Qf3 g5 17. Rae1 g4 18. Qd1 Ndc5 19. Nxe4 dxe4 20. Bc4 Na4
21. Bb3 Nxb2 22. Qe2 Rc8 23. f5 exf5 24. Nxf5 Rh7 25. Nxe7 Kxe7 26. Qf2 Kf8
27. Qf5 Kg8 28. Bd4 Nc4 29. e6 Qe7 30. exf7+ Rxf7 31. Qxh5 1-0

[Event "8th ch-Euro"]
[Site "Dresden GER"]
[Date "2007.04.04"]
[Round "2"]
[White "Glantz,R"]
[Black "Pajeken,W"]
[Result "0-1"]
[WhiteElo "1991"]
[BlackElo "2346"]
[EventDate "2007.04.03"]

1. e4 c5 2. Nf3 d6 3. d4 cxd4 4. Nxd4 Nf6 5. Nc3 Nc6 6. Bg5 Bd7 7. Qd2 Rc8
8. O-O-O Nxd4 9. Qxd4 Qa5 10. Bd2 a6 11. Kb1 Qc5 12. Qxc5 Rxc5 13. h3 g6
14. Be3 Rxc3 15. bxc3 Nxe4 16. Bd4 e5 17. Bd3 Bc6 18. Rhe1 f5 19. f3 Nf6
20. c4 Nd7 21. Bf2 Kd8 22. h4 h5 23. Kc1 Kc7 24. Kd2 Bh6+ 25. Kc3 Bg7 26.
Kb3 Rf8 27. Bg1 Bf6 28. Bf2 Rb8 29. c3 Re8 30. Re2 Nf8 31. Red2 Ne6 32. Bf1
Be7 33. Be2 Rb8 34. g3 Rf8 35. Rg1 Be8 36. Bd1 Kc6 37. Kb2 Nc5 38. Bb3 Bd7
39. Be3 Be6 40. Kc2 a5 41. Bxc5 Kxc5 42. Kd3 Ra8 43. a3 b5 44. Ke3 Bxc4 45.
Bc2 d5 46. Rgd1 a4 47. Bd3 Bb3 48. Rb1 Kc6 49. Ra1 Bc5+ 50. Ke2 e4 51. fxe4
fxe4 52. Bb1 Bc4+ 53. Kd1 Rf8 54. Kc2 Rf1 0-1

[Event "8th ch-Euro"]
[Site "Dresden GER"]
[Date "2007.04.04"]
[Round "2"]
[White "Ringoir,G"]
[Black "Fruebing,S"]
[Result "0-1"]
[WhiteElo "1949"]
[BlackElo "2301"]
[EventDate "2007.04.03"]

1. e4 e5 2. Nf3 d6 3. d4 exd4 4. Nxd4 Nf6 5. Nc3 Be7 6. Be2 O-O 7. O-O Re8
8. f4 Bf8 9. Bf3 c5 10. Nde2 Nc6 11. Kh1 Rb8 12. Be3 Bd7 13. Qd2 b5 14. Ng3
b4 15. Nce2 Na5 16. b3 Bc6 17. c4 Nxe4 18. Nxe4 Bxe4 19. Bxe4 Rxe4 20. Ng3
Re8 21. f5 Be7 22. Rad1 Bf6 23. Nh5 Bc3 24. Qf2 Qc7 25. Qg3 f6 26. Bxc5 Be5
27. Nxf6+ Bxf6 28. Bxd6 Qb7 29. Bxb8 Qxb8 30. Qf3 Qa8 31. Qxa8 Rxa8 32. Rd7
Nc6 33. Rc7 Nd4 34. g4 a5 35. Rd1 h6 36. Rb7 Re8 37. Ra7 Re2 38. Rf1 Be5
39. Rxa5 Rxh2+ 0-1

[Event "8th ch-Euro"]
[Site "Dresden GER"]
[Date "2007.04.04"]
[Round "2"]
[White "Muehle,H"]
[Black "Bruned,Y"]
[Result "1/2-1/2"]
[WhiteElo "1944"]
[BlackElo "2335"]
[EventDate "2007.04.03"]

1. d4 Nf6 2. f3 d5 3. e4 dxe4 4. Nc3 exf3 5. Nxf3 Bg4 6. h3 Bxf3 7. Qxf3 c6
8. Bd2 e6 9. O-O-O Be7 10. g4 Nbd7 11. Kb1 Nd5 12. Ne4 b5 13. Be2 f6 14.
Rhf1 O-O 15. Bd3 Re8 16. Ng3 Nf8 17. Rde1 Qd7 18. h4 Bd6 19. Ne4 a5 20. h5
Be7 21. c3 a4 22. Re2 h6 23. Bc2 b4 24. Bd3 bxc3 25. Nxc3 Nb4 26. Be4 a3
27. b3 Qxd4 28. Bc1 Nd5 29. Nxd5 cxd5 30. Bc2 Bd6 31. Rd1 Qa7 32. Qd3 Rac8
33. Rde1 Bb4 34. Rf1 Qe7 35. g5 Rxc2 36. Rxc2 fxg5 37. Rcf2 Bd6 38. Bd2 Nd7
39. Bc3 Rf8 40. Qg6 Rxf2 41. Rxf2 e5 42. Ba5 Nf8 43. Qf5 Qe6 44. Qc2 d4 45.
Qc6 Qg4 46. Qd5+ Kh8 47. Kc2 Qh3 48. Be1 Qe3 49. Qxd6 1/2-1/2

[Event "8th ch-Euro"]
[Site "Dresden GER"]
[Date "2007.04.04"]
[Round "2"]
[White "Beck,F"]
[Black "Hesselbarth,K"]
[Result "1-0"]
[WhiteElo "2346"]
[BlackElo "1929"]
[EventDate "2007.04.03"]

1. e4 e5 2. Nf3 Nc6 3. Bc4 Bc5 4. b4 Bxb4 5. c3 Be7 6. d4 d6 7. Qb3 Na5 8.
Bxf7+ Kf8 9. Qa4 Kxf7 10. Qxa5 exd4 11. cxd4 c6 12. Qa4 Nf6 13. Qb3+ Kf8
14. Ng5 Qe8 15. Nc3 h6 16. Ne6+ Bxe6 17. Qxe6 Qf7 18. Qf5 g6 19. Qf3 Kg7
20. O-O Rad8 21. Rb1 Rd7 22. Qh3 Bd8 23. e5 dxe5 24. dxe5 Nd5 25. e6 1-0

[Event "8th ch-Euro"]
[Site "Dresden GER"]
[Date "2007.04.05"]
[Round "3"]
[White "Volokitin,And"]
[Black "Petrosian,TL"]
[Result "1-0"]
[WhiteElo "2645"]
[BlackElo "2592"]
[EventDate "2007.04.03"]

1. e4 c5 2. Nf3 d6 3. d4 cxd4 4. Nxd4 Nf6 5. Nc3 a6 6. Bg5 e6 7. f4 Nbd7 8.
Qf3 Qc7 9. g4 b5 10. Bxf6 Nxf6 11. g5 Nd7 12. O-O-O Bb7 13. Bh3 Rc8 14.
Rhe1 Qc4 15. Bf1 Qc5 16. a3 b4 17. axb4 Qxb4 18. Qh3 g6 19. f5 e5 20. Nb3
Be7 21. f6 Bf8 22. Re3 h6 23. Nd5 Qa4 24. Be2 Rc6 25. Bg4 Nc5 26. Kb1 Kd8
27. Nxc5 Rxc5 28. Rc3 Rc6 29. Rxc6 Bxc6 30. Qe3 Qb5 31. Rd3 Qc5 32. Rb3
Bxd5 33. Rb8+ 1-0

[Event "8th ch-Euro"]
[Site "Dresden GER"]
[Date "2007.04.05"]
[Round "3"]
[White "Kempinski,R"]
[Black "Avrukh,B"]
[Result "1/2-1/2"]
[WhiteElo "2590"]
[BlackElo "2644"]
[EventDate "2007.04.03"]

1. d4 Nf6 2. c4 g6 3. g3 c6 4. Nf3 d5 5. Qb3 Bg7 6. Bg2 O-O 7. O-O Qb6 8.
Nc3 Bf5 9. Ne5 e6 10. c5 Qxb3 11. axb3 1/2-1/2

[Event "8th ch-Euro"]
[Site "Dresden GER"]
[Date "2007.04.05"]
[Round "3"]
[White "Khenkin,I"]
[Black "Epishin,V"]
[Result "1/2-1/2"]
[WhiteElo "2611"]
[BlackElo "2554"]
[EventDate "2007.04.03"]

1. d4 d5 2. Nf3 Nf6 3. c4 e6 4. Nc3 Nbd7 5. cxd5 exd5 6. Qc2 Be7 7. Bf4 O-O
8. e3 a6 9. Bd3 c5 10. dxc5 Nxc5 11. O-O Be6 12. Be5 g6 13. Nd4 Qb6 14. Na4
Nxa4 15. Qxa4 Nd7 16. Nxe6 Qxe6 17. Bd4 Nc5 18. Qd1 Rac8 19. Rc1 Nxd3 20.
Qxd3 Rxc1 21. Rxc1 Rc8 22. Rd1 Bf6 23. Bxf6 Qxf6 24. Qb3 Rc4 25. Qxb7 Rc2
26. Rf1 Qxb2 27. Qxa6 1/2-1/2

[Event "8th ch-Euro"]
[Site "Dresden GER"]
[Date "2007.04.05"]
[Round "3"]
[White "Landa,K"]
[Black "Zelcic,R"]
[Result "1/2-1/2"]
[WhiteElo "2596"]
[BlackElo "2557"]
[EventDate "2007.04.03"]

1. e4 c6 2. d4 d5 3. e5 c5 4. dxc5 Nc6 5. Nf3 Bg4 6. c3 e6 7. Be3 Nge7 8.
Qa4 Bxf3 9. gxf3 Qd7 10. Bb5 a6 11. Nd2 Rd8 12. Bxc6 Nxc6 13. f4 Nxe5 14.
Qxd7+ Nxd7 15. b4 g6 16. Nb3 Bg7 17. Rc1 O-O 18. Ke2 Nb8 19. a4 Nc6 20. Kd3
Rfe8 21. b5 Ne7 22. Na5 Rd7 23. Rb1 axb5 24. Rxb5 Ra8 25. Rhb1 Bf6 26. R1b4
d4 27. cxd4 Nd5 28. Rb3 b6 29. cxb6 Nxb6 30. Nc6 Nxa4 31. Ne5 Rc7 32. Rb8+
Rxb8 33. Rxb8+ Kg7 34. Nc4 Rd7 35. Ne5 Rd8 36. Rb5 Rd5 37. Rxd5 exd5 38.
Nd7 Bd8 39. Bd2 Nb2+ 40. Ke2 f6 41. Nc5 Kf7 42. Kf3 Nc4 43. Be3 Bb6 44. Nd3
Ke6 45. h3 Nd6 46. Nb4 Nb5 47. Nc2 Ba5 48. Bc1 Nd6 49. Be3 Nc4 50. Ke2 Kf5
51. Kf3 h5 52. Bc1 Nd2+ 53. Bxd2 Bxd2 54. Ne3+ Bxe3 55. Kxe3 h4 56. f3 Ke6
57. Kd3 Kf5 1/2-1/2

[Event "8th ch-Euro"]
[Site "Dresden GER"]
[Date "2007.04.05"]
[Round "3"]
[White "Cao Sang"]
[Black "Galkin,A"]
[Result "0-1"]
[WhiteElo "2488"]
[BlackElo "2590"]
[EventDate "2007.04.03"]

1. e4 c6 2. d4 d5 3. e5 Bf5 4. Nc3 e6 5. g4 Bg6 6. Nge2 c5 7. Be3 Nc6 8.
dxc5 Nxe5 9. Nd4 Nd7 10. f4 Bxc5 11. Bb5 Ngf6 12. Qe2 Ne4 13. Bxd7+ Qxd7
14. f5 exf5 15. gxf5 Bxd4 16. Bxd4 Qxf5 17. Bxg7 Rg8 18. Rf1 Qe6 19. Nb5
Rc8 20. Nd4 Qb6 21. Bf6 Qb4+ 22. c3 Rxc3 23. Kd1 Bh5 24. Qxh5 Rc1+ 25. Ke2
Qxb2+ 26. Kf3 Rxf1+ 27. Rxf1 Qg2+ 28. Ke3 Qd2+ 29. Kf3 Qd3+ 30. Kf4 Qxf1+
31. Nf3 Qc1+ 32. Ke5 Nxf6 0-1

[Event "8th ch-Euro"]
[Site "Dresden GER"]
[Date "2007.04.05"]
[Round "3"]
[White "Vaganian,R"]
[Black "Hillarp Persson,T"]
[Result "1/2-1/2"]
[WhiteElo "2590"]
[BlackElo "2557"]
[EventDate "2007.04.03"]

1. d4 d5 2. c4 c6 3. Nf3 Nf6 4. Qb3 e6 5. Bg5 Be7 6. e3 O-O 7. Be2 c5 8.
cxd5 Nxd5 9. Bxe7 Qxe7 10. O-O cxd4 11. Nxd4 Nf6 12. Qa3 Qxa3 13. Nxa3 e5
14. Ndb5 a6 15. Nd6 b5 16. Nxc8 Rxc8 17. Rac1 Nc6 18. Nb1 e4 19. Rfd1 Kf8
20. a4 bxa4 21. Nc3 Nb4 22. Nxa4 Rxc1 23. Rxc1 Rb8 24. Rc4 a5 25. Kf1 Nbd5
26. Rc5 Nb6 27. Nc3 Nbd7 28. Rb5 Rxb5 29. Nxb5 Nc5 30. Nd4 Nd5 31. Nc6 a4
32. Ke1 Ke8 33. Bc4 Nb6 34. Bb5 Kd7 35. Kd2 Kd6 36. Nb4 f5 37. h4 h6 38. h5
Nbd7 39. Kc3 Ne5 40. Be2 Ncd7 41. Nc2 Nf6 42. Nd4 Nd5+ 43. Kd2 Ne7 44. Bb5
Ng4 45. Bxa4 Nxf2 46. b4 Nd5 47. Nxf5+ Ke5 48. Nxg7 Ng4 49. Bb3 Ngxe3 50.
b5 Nxg2 51. Bxd5 1/2-1/2

[Event "8th ch-Euro"]
[Site "Dresden GER"]
[Date "2007.04.05"]
[Round "3"]
[White "Jianu,V"]
[Black "Popov,Val"]
[Result "1-0"]
[WhiteElo "2498"]
[BlackElo "2590"]
[EventDate "2007.04.03"]

1. d4 Nf6 2. c4 e6 3. Nf3 d5 4. Nc3 dxc4 5. e3 a6 6. a4 c5 7. Bxc4 Nc6 8.
O-O Be7 9. Qe2 cxd4 10. Rd1 e5 11. exd4 exd4 12. Ne5 O-O 13. Bf4 Bd7 14.
Nd5 Nxd5 15. Bxd5 Bf6 16. Nc4 Re8 17. Qh5 Be6 18. Bxc6 bxc6 19. Nd6 Re7 20.
Ne4 Rd7 21. Nxf6+ Qxf6 22. Be5 Qd8 23. Ra3 f6 24. Bf4 Qb6 25. Qe2 c5 26.
Rg3 Rad8 27. h4 Bb3 28. Re1 Rf7 29. Bh6 Qb7 30. Qh5 Bxa4 31. Qxc5 Bb5 32.
Bxg7 1-0

[Event "8th ch-Euro"]
[Site "Dresden GER"]
[Date "2007.04.05"]
[Round "3"]
[White "Van Wely,L"]
[Black "Mastrovasilis,D"]
[Result "1/2-1/2"]
[WhiteElo "2683"]
[BlackElo "2546"]
[EventDate "2007.04.03"]

1. d4 d5 2. c4 c6 3. Nf3 Nf6 4. Nc3 dxc4 5. a4 Bf5 6. Ne5 Na6 7. f3 Nd7 8.
Nxc4 e5 9. e4 exd4 10. Qxd4 Nb4 11. Ne3 Be6 12. Bc4 Nc5 13. Qxd8+ Rxd8 14.
Ke2 Nc2 15. Rb1 Nd4+ 16. Kf1 Ndb3 17. Ke2 Nd4+ 18. Kf1 Ndb3 19. Ke2 Bd6 20.
Bxe6 Nxe6 21. Nc4 Bc5 22. Rd1 Rxd1 23. Nxd1 Ke7 24. Nde3 Rd8 25. Nf5+ Kf6
26. Be3 Ned4+ 27. Nxd4 Nxd4+ 28. Bxd4+ Rxd4 29. b3 Bb4 30. Rb2 Ke6 31. Rc2
g6 32. Nb2 Rd7 33. Nd3 Bd6 34. f4 f5 35. e5 Be7 36. Nc5+ Bxc5 37. Rxc5 Rd4
38. Rc4 Rd5 39. b4 g5 40. g3 gxf4 41. gxf4 Kd7 42. a5 Kc7 43. Ke3 b6 44.
axb6+ axb6 45. Rc1 Rb5 46. Rg1 Rxb4 47. Rg7+ Kd8 48. Rxh7 Rb3+ 49. Kf2 c5
50. Rf7 c4 51. Rxf5 c3 52. Ke3 c2+ 53. Kd2 Rc3 54. Kc1 b5 55. Rf8+ Ke7 56.
Rb8 Rf3 57. Rb7+ Ke8 1/2-1/2

[Event "8th ch-Euro"]
[Site "Dresden GER"]
[Date "2007.04.05"]
[Round "3"]
[White "Nielsen,PH"]
[Black "Baramidze,D"]
[Result "0-1"]
[WhiteElo "2651"]
[BlackElo "2561"]
[EventDate "2007.04.03"]

1. d4 d5 2. c4 c6 3. Nf3 Nf6 4. Nc3 dxc4 5. a4 Bf5 6. Ne5 e6 7. f3 c5 8. e4
cxd4 9. exf5 Bb4 10. fxe6 fxe6 11. Bxc4 dxc3 12. Qxd8+ Kxd8 13. Ke2 cxb2
14. Bxb2 Ke7 15. Nd3 Rc8 16. Rac1 a5 17. Nxb4 axb4 18. Bb5 Nbd7 19. Rhd1
Nd5 20. Kf2 g6 21. Bd4 Kd6 22. Rb1 Rc2+ 23. Kg1 Nc5 24. Bf2 Nxa4 25. Rxb4
Nac3 26. Rc4 Raa2 27. Bc5+ Kc7 28. Bd4+ Kb8 29. Be5+ Ka7 30. Bd4+ b6 31.
Rxc3 Nxc3 32. Bxc3 Rxc3 33. h4 Rcc2 34. Bf1 b5 0-1

[Event "8th ch-Euro"]
[Site "Dresden GER"]
[Date "2007.04.05"]
[Round "3"]
[White "Romanishin,O"]
[Black "Cheparinov,I"]
[Result "1/2-1/2"]
[WhiteElo "2572"]
[BlackElo "2640"]
[EventDate "2007.04.03"]

1. d4 Nf6 2. Nf3 d5 3. c4 e6 4. g3 dxc4 5. Bg2 Bb4+ 6. Bd2 a5 7. Qc2 Bxd2+
8. Nbxd2 b5 9. Ne4 Nd5 10. O-O h6 11. a4 c6 12. Ne5 O-O 13. Rfd1 Ra7 14.
Nc5 Qe8 15. h4 Na6 16. h5 f6 17. Ng6 Rff7 18. Ne4 Rfd7 19. Qd2 Nab4 20. Nc5
Rd8 21. Qc1 Ne7 22. Nf4 Nf5 23. Qc3 Nxd4 24. Rxd4 Rxd4 25. Qxd4 e5 26. Qd2
exf4 27. Qxf4 Re7 28. Ne4 Nd5 29. Qb8 Bd7 30. Qxe8+ Bxe8 31. axb5 cxb5 32.
Rxa5 Nc7 33. Bf3 Bxh5 34. Bxh5 Rxe4 35. Ra7 Re5 36. Bg6 Rc5 37. f4 Kf8 38.
Kf2 b4 39. Rb7 c3 40. bxc3 bxc3 41. Bc2 Ke7 42. Ke3 Rc6 43. Kd3 f5 44. Ba4
Rc5 45. Bc2 Rc6 46. Ba4 Rc5 47. Bc2 Rc6 1/2-1/2

[Event "8th ch-Euro"]
[Site "Dresden GER"]
[Date "2007.04.05"]
[Round "3"]
[White "Smirnov,P"]
[Black "Jovanovic,Zo CRO"]
[Result "0-1"]
[WhiteElo "2621"]
[BlackElo "2557"]
[EventDate "2007.04.03"]

1. d4 d6 2. g3 g6 3. Bg2 Bg7 4. e4 Nf6 5. Ne2 O-O 6. Nbc3 e5 7. h3 c6 8. a4
Na6 9. O-O Nb4 10. Be3 exd4 11. Bxd4 Re8 12. Nf4 a5 13. Qd2 Qe7 14. Rad1
Nd7 15. Bxg7 Kxg7 16. Nfe2 Nf6 17. f4 d5 18. e5 Ne4 19. Nxe4 dxe4 20. c3
Nd5 21. g4 Qc5+ 22. Nd4 f5 23. exf6+ Nxf6 24. Rde1 Bd7 25. Kh1 h6 26. Qf2
b6 27. Qg3 Rad8 28. Rf2 Qd6 29. Rd2 Qb8 30. Nc2 Be6 31. Rxd8 Rxd8 32. Nd4
Bd7 33. g5 hxg5 34. Qxg5 Rh8 35. f5 Rh6 36. Bxe4 Rxh3+ 37. Kg2 Qh2+ 38. Kf1
Rg3 39. Nc2 Ng8 40. Ra1 0-1

[Event "8th ch-Euro"]
[Site "Dresden GER"]
[Date "2007.04.05"]
[Round "3"]
[White "Najer,E"]
[Black "Nevednichy,V"]
[Result "1-0"]
[WhiteElo "2605"]
[BlackElo "2567"]
[EventDate "2007.04.03"]

1. e4 c5 2. Nf3 d6 3. d4 cxd4 4. Nxd4 Nf6 5. Nc3 Nc6 6. Bg5 e6 7. Qd2 a6 8.
O-O-O Bd7 9. f3 Be7 10. Kb1 Rc8 11. h4 h6 12. Be3 h5 13. Nxc6 Rxc6 14. Ne2
Rc8 15. Bf4 e5 16. Bg5 Be6 17. g3 Qd7 18. Nc3 O-O 19. Rh2 Rc6 20. Bxf6 Bxf6
21. Nd5 Bd8 22. a3 Rc5 23. Ne3 Ba5 24. Qxd6 Qc8 25. Nd5 Bxd5 26. exd5 Bd8
27. Qxe5 Bf6 28. Qxh5 Qc7 29. Qg4 Rd8 30. Rhd2 a5 31. a4 Qe5 32. c3 Qd6 33.
Bb5 Be5 34. h5 Bxg3 35. Rg2 Be5 36. f4 Bf6 37. Rgd2 Be7 38. Re2 Bf8 39. Re5
Rdc8 40. Qf5 Rd8 41. Bd3 Qh6 42. d6 Rc6 43. Re7 Bxe7 44. dxe7 Re8 45. Bb5
1-0

[Event "8th ch-Euro"]
[Site "Dresden GER"]
[Date "2007.04.05"]
[Round "3"]
[White "Riazantsev,A"]
[Black "Rogozenko,D"]
[Result "1/2-1/2"]
[WhiteElo "2629"]
[BlackElo "2527"]
[EventDate "2007.04.03"]

1. d4 d5 2. c4 c6 3. Nc3 Nf6 4. Nf3 a6 5. Ne5 e6 6. g3 Nbd7 7. Nxd7 Bxd7 8.
Qd3 dxc4 9. Qxc4 b5 10. Qd3 c5 11. Bg2 Rc8 12. dxc5 Bxc5 13. Be3 Bxe3 14.
Qxe3 Bc6 15. Bxc6+ 1/2-1/2

[Event "8th ch-Euro"]
[Site "Dresden GER"]
[Date "2007.04.05"]
[Round "3"]
[White "Sulskis,S"]
[Black "Efimenko,Z"]
[Result "0-1"]
[WhiteElo "2525"]
[BlackElo "2616"]
[EventDate "2007.04.03"]

1. e4 e5 2. Nf3 Nc6 3. Bb5 a6 4. Ba4 Nf6 5. O-O Be7 6. Re1 b5 7. Bb3 d6 8.
c3 O-O 9. h3 Na5 10. Bc2 c5 11. d4 Qc7 12. d5 Bd7 13. Nbd2 c4 14. Nf1 Nb7
15. g4 h5 16. gxh5 Bxh3 17. N3h2 Qd7 18. Qf3 Nc5 19. h6 Kh7 20. Bg5 Rh8 21.
Re3 Bxf1 22. Rxf1 Ng8 23. hxg7 Kxg7 24. Qg2 Bxg5 25. Qxg5+ Kf8 26. f4 Qe7
27. Qxe7+ Kxe7 28. fxe5 dxe5 29. Ng4 Rh5 30. Ref3 Rg5 31. Rxf7+ Kd6 32. Bd1
Nxe4 33. Rb7 Ne7 34. Rb6+ Kc5 35. Re6 Nxd5 36. Re1 Nef6 37. R1xe5 Rag8 38.
Rxg5 Rxg5 39. Re5 Rxg4+ 40. Bxg4 Nxg4 41. Re6 a5 42. Kf1 b4 43. cxb4+ Nxb4
44. Ke2 Nxa2 45. Ra6 Nc1+ 46. Kd1 Nb3 47. Kc2 Ne3+ 48. Kb1 Nd5 49. Ra8 Nb6
50. Rb8 Nd4 51. Ka2 Nc6 52. Rb7 Nd5 53. Ka3 Nd4 54. Ka4 Nb3 55. Rb8 Ne3 56.
Rd8 Nd5 57. Rc8+ Kd4 58. Kb5 Ne3 59. Rd8+ Ke4 60. Rd7 Kf3 61. Rd8 Kf4 62.
Re8 Kf3 63. Re5 Ke2 64. Rh5 Kd2 65. Rh3 Kd3 66. Ka4 Kd4 67. Kb5 Nf5 68. Rh5
Nd6+ 69. Kc6 Ne4 70. Rd5+ Ke3 71. Kb6 Ke2 72. Rd8 Ned2 73. Kb5 Kd1 74. Ka4
Kc2 0-1

[Event "8th ch-Euro"]
[Site "Dresden GER"]
[Date "2007.04.05"]
[Round "3"]
[White "Kozul,Z"]
[Black "Winants,L"]
[Result "1-0"]
[WhiteElo "2616"]
[BlackElo "2516"]
[EventDate "2007.04.03"]

1. d4 Nf6 2. c4 e6 3. Nf3 Bb4+ 4. Nbd2 d6 5. a3 Bxd2+ 6. Qxd2 Nbd7 7. e3
O-O 8. b4 e5 9. dxe5 dxe5 10. Bb2 Qe7 11. Be2 b6 12. Qc3 Re8 13. O-O c5 14.
Nd2 Bb7 15. f3 a5 16. b5 Nf8 17. Rfd1 Ng6 18. Nf1 Rad8 19. Ng3 h5 20. Bd3
h4 21. Nf5 Qe6 22. e4 Nh5 23. Bf1 Qf6 24. Ne3 Nhf4 25. Rxd8 Rxd8 26. Nd5
Qd6 27. Nxf4 Nxf4 28. Qxe5 f6 29. Qxd6 Rxd6 30. Bc3 Bc8 31. e5 Re6 32. Rd1
1-0